Physics and instrumentation of diagnostic medical ultrasound / (رقم التسجيلة. 77244)

تفاصيل مارك
000 -الفاتح
حقل البيانات ثابتة الطول 01407cam a2200313 a 4500
001 - رقم الضبط
رقم الضبط 20799827
003 - محدد رقم الضبط
رقم الضبط OCoLC
005 - وقت وتاريخ اخر تعامل مع التسجيلة
رقم الضبط 20190821155626.0
008 - عناصر البيانات ثابتة الطول - معلومات عامة
حقل البيانات ثابتة الطول 891204s1990 enka b 001 0 eng
010 ## - رقم ضبط مكتبة الكونجرس
رقم ضبط مكتبة الكونجرس 89070688
020 ## - الرقم الدولى المعيارى للكتب
الرقم الدولى المعيارى للكتاب 0471926515
020 ## - الرقم الدولى المعيارى للكتب
الرقم الدولى المعيارى للكتاب 9780471926511
040 ## - مصدر الفهرسة
وكالة الفهرسة الأصلية DNLM/DLC
لغة الفهرسة eng
وكالة النسخ DLC
وكالة التعديل SOS
-- NLM
-- UKM
-- UBA
-- BAKER
-- BTCTA
-- YDXCP
-- DEBBG
-- OCLCQ
-- BDX
-- GBVCP
-- OCLCF
050 00 - رقم طلب مكتبة الكونجرس
رقم التصنيف RC78.7.U4
رقم المادة F48 1990
082 ## - رقم تصنيف ديوى العشرى
رقم الطبعة 23
رقم التصنيف 616.07543
رقم المادة FPP
100 1# - المدخل الرئيسى - إسم شخصى
الإسم الشخصى Fish, Peter J.
9 (RLIN) 74739
245 10 - بيان العنوان
العنوان Physics and instrumentation of diagnostic medical ultrasound /
بيان المسئوليه,etc Peter Fish.
246 3# - العنوان الموازى
عنوان صحيح/عنوان مختصر Diagnostic medical ultrasound
260 ## - PUBLICATION, DISTRIBUTION, ETC. (IMPRINT)
مكان الناشر او الموزع Chichester ;
-- New York :
اسم الناشر او الموزع Wiley ;
مكان الناشر او الموزع New York, NY, USA :
اسم الناشر او الموزع Distributed in the U.S.A., Canada, and Japan by A.R. Liss,
تاريخ النشر أو التوزيع c1990.
300 ## - الوصف المادى
التعداد ix, 250 p. :
تفاصيل ماديه اخرى للوعاء ill. ;
أبعاد الوعاء 25 cm.
504 ## - تبصرة ببليوجرافية
تبصرة ببليوجرافية,الخ Includes bibliographical references (p. 245) and index.
650 #0 - المدخل الاضافى بالموضوع-مصطلح موضوعى
مصطلح موضوعي أو اسم جغرافي كعنصر مدخل Diagnostic ultrasonic imaging.
9 (RLIN) 74740
650 #0 - المدخل الاضافى بالموضوع-مصطلح موضوعى
مصطلح موضوعي أو اسم جغرافي كعنصر مدخل Diagnostic ultrasonic imaging
التقسيم الفرعي العام Instruments.
9 (RLIN) 74741
650 #2 - المدخل الاضافى بالموضوع-مصطلح موضوعى
مصطلح موضوعي أو اسم جغرافي كعنصر مدخل Ultrasonics.
9 (RLIN) 74742
650 #2 - المدخل الاضافى بالموضوع-مصطلح موضوعى
مصطلح موضوعي أو اسم جغرافي كعنصر مدخل Ultrasonography
التقسيم الفرعي العام instrumentation.
9 (RLIN) 74743
650 #2 - المدخل الاضافى بالموضوع-مصطلح موضوعى
مصطلح موضوعي أو اسم جغرافي كعنصر مدخل Ultrasonography
التقسيم الفرعي العام methods.
9 (RLIN) 74744
776 08 - مدخل الشكل المادى الاضافى
نص العرض Online version:
رأس المدخل الرئيسي Fish, Peter J.
العنوان Physics and instrumentation of diagnostic medical ultrasound.
الناشر و مكان و تاريخ النشر Chichester ; New York : Wiley ; New York, NY, USA : Distributed in the U.S.A., Canada, and Japan by A.R. Liss, c1990
رقم ضبط التسجيلة (OCoLC)644199707
942 ## - عناصر المدخل الإضافي( كوها)
مصدر التصنيف او مخطط الترفيف Dewey Decimal Classification
Koha [default] item type كتاب
المقتنيات
حالة الفقد نموذج السعر الفعال حالة تلف ليس للاعارة رقم الطلب تاريخ الاكتساب الموقع الحالي الباركود الفرع الرئيسي Date last seen نوع المادة فى نظام كوها مصدر التصنيف او خطة الترفيف Total Checkouts
  2019-08-21     616.07543 FPP 2019-08-21 المكتبة المركزية بالمجمعة (CL) 00157781 المكتبة المركزية بالمجمعة (CL) 2019-08-21 كتاب Dewey Decimal Classification  
  2019-08-21     616.07543 FPP 2019-08-21 المكتبة المركزية بالمجمعة (CL) 00157782 المكتبة المركزية بالمجمعة (CL) 2019-08-21 كتاب Dewey Decimal Classification  
  2019-08-21     616.07543 FPP 2019-08-21 المكتبة المركزية بالمجمعة (CL) 00157783 المكتبة المركزية بالمجمعة (CL) 2019-08-21 كتاب Dewey Decimal Classification  
  2019-08-21     616.07543 FPP 2019-08-21 مكتبة كلية العلوم الطبية التطبيقية بالمجمعة - طالبات (AMF) 00157784 مكتبة كلية العلوم الطبية التطبيقية بالمجمعة - طالبات (AMF) 2019-08-21 كتاب Dewey Decimal Classification  
  2019-08-21     616.07543 FPP 2019-08-21 مكتبة كلية العلوم الطبية التطبيقية بالمجمعة - طالبات (AMF) 00157785 مكتبة كلية العلوم الطبية التطبيقية بالمجمعة - طالبات (AMF) 2019-08-21 كتاب Dewey Decimal Classification